书目信息 |
| 题名: |
甲状腺疾病
|
|
| 作者: | 戴为信 著 | |
| 分册: | ||
| 出版信息: | 北京 北京科学技术出版社 1999.02 |
|
| 页数: | 179页 | |
| 开本: | 32开 | |
| 丛书名: | ||
| 单 册: | ||
| 中图分类: | R581 | |
| 科图分类: | ||
| 主题词: | 内分泌病 , 代谢病 | |
| 电子资源: | ||
| ISBN: | 7-5304-2233-2 | |
| 000 | 00556nam0 2200205 45 | |
| 001 | 0103011047 | |
| 005 | 20010301110110.8 | |
| 010 | @a7-5304-2233-2@d11.00元 | |
| 100 | @a20010301d1999 km y0chiy0120 ea | |
| 101 | 0 | @achi |
| 105 | @a z 000yy | |
| 200 | 1 | @a甲状腺疾病@AJia Zhuang Xian Ji Bing@f戴为信著@FDai Wei Xin Zhu |
| 210 | @a北京@c北京科学技术出版社@d1999.02 | |
| 215 | @a179页@d32开 | |
| 606 | 0 | @a内分泌病 |
| 606 | 0 | @a代谢病 |
| 690 | @aR581@v3 | |
| 701 | 0 | @a戴为信@4著 |
| 801 | @aCN@bPftUser@c20010301 | |
| 905 | @b324763-765@dR581@eD901@f3 | |
| 甲状腺疾病/戴为信著.-北京:北京科学技术出版社,1999.02 |
| 179页;32开 |
| ISBN 7-5304-2233-2:11.00元 |
| ● |
| 相关链接 |
|
|
|
正题名:甲状腺疾病
索取号:R581/D901
 
预约/预借
| 序号 | 登录号 | 条形码 | 馆藏地/架位号 | 状态 | 备注 |
| 1 | 324763 | 203247637 | 自科库401/401自科库 19排1列1层/ [索取号:R581/D901] | 在馆 | |
| 2 | 324764 | 203247646 | 自科库401/401自科库 19排1列1层/ [索取号:R581/D901] | 在馆 | |
| 3 | 324765 | 203247655 | 自科库401/401自科库 19排1列1层/ [索取号:R581/D901] | 在馆 |